El tercer hombre / (Registro nro. 9032)

Detalles MARC
000 -LEADER
fixed length control field 01222nam a22003617a 4500
001 - CONTROL NUMBER
control field 5615197
003 - CONTROL NUMBER IDENTIFIER
control field DO-SdBNP
005 - DATE AND TIME OF LATEST TRANSACTION
control field 20180201090725.0
007 - PHYSICAL DESCRIPTION FIXED FIELD--GENERAL INFORMATION
fixed length control field 5615197
008 - FIXED-LENGTH DATA ELEMENTS--GENERAL INFORMATION
fixed length control field 150512s1993 sp | |||| 000 f spa
020 ## - INTERNATIONAL STANDARD BOOK NUMBER
International Standard Book Number 8481300012
040 ## - CATALOGING SOURCE
Original cataloging agency BPMSU
Language of cataloging spa
Transcribing agency BPMSU
041 1# - LANGUAGE CODE
Language code of text/sound track or separate title spa
092 ## - LOCALLY ASSIGNED DEWEY CALL NUMBER (OCLC)
Classification number 823.912
Item number G799t
100 1# - MAIN ENTRY--PERSONAL NAME
Personal name Greene, Graham,
Dates associated with a name 1904-1991
240 14 - UNIFORM TITLE
Uniform title <a href="The third man.">The third man.</a>
Language of a work Español
245 13 - TITLE STATEMENT
Title El tercer hombre /
Statement of responsibility, etc. Graham Greene ; traducción de Barbara McShane y Javier Alfaya ; prólogo de Manuel Vázquez Montalbán
260 ## - PUBLICATION, DISTRIBUTION, ETC. (IMPRINT)
Place of publication, distribution, etc. Madrid :
Name of publisher, distributor, etc. Primera Plana,
Date of publication, distribution, etc. 1993
300 ## - PHYSICAL DESCRIPTION
Extent 94 p. :
Dimensions 23 cm.
336 ## - CONTENT TYPE
Content type term Texto (visual)
Source isbdcontent
337 ## - MEDIA TYPE
Media type term sin mediación
Source isbdmedia
490 1# - SERIES STATEMENT
Series statement Grandes Autores. Biblioteca de Literatura Universal
Volume/sequential designation 2
650 ## - SUBJECT ADDED ENTRY--TOPICAL TERM
Topical term or geographic name as entry element NOVELA POLICÍACA INGLESA
650 ## - SUBJECT ADDED ENTRY--TOPICAL TERM
Topical term or geographic name as entry element NOVELA INGLESA
700 12 - ADDED ENTRY--PERSONAL NAME
Personal name McShane, Barbara,
Relator term tr.
700 12 - ADDED ENTRY--PERSONAL NAME
Personal name Alfaya, Javier
Dates associated with a name 1939-
Relator term tr.
700 1# - ADDED ENTRY--PERSONAL NAME
Personal name Vázquez Montalbán, Manuel
Relator term prol.
830 #0 - SERIES ADDED ENTRY--UNIFORM TITLE
Uniform title Grandes autores
Name of part/section of a work Biblioteca de literatura universal
Volume number/sequential designation 2
942 ## - ADDED ENTRY ELEMENTS (KOHA)
Source of classification or shelving scheme Dewey Decimal Classification
Koha item type Libros
945 ## - LOCAL PROCESSING INFORMATION (OCLC)
a Validado. Control de calidad MFF
956 ## - LOCAL ELECTRONIC LOCATION AND ACCESS (OCLC)
Host name VMATEO
Access method 10
Materials specified 20151113
Linkage BPMSU
Field link and sequence number 00151
956 ## - LOCAL ELECTRONIC LOCATION AND ACCESS (OCLC)
Host name Validado. Control de calidad MFF
Existencias
Withdrawn status Lost status Source of classification or shelving scheme Damaged status Not for loan Collection code Home library Current library Date acquired Source of acquisition Total Checkouts Barcode Date last seen Price effective from Koha item type
    Dewey Decimal Classification     Colección General Biblioteca Pública Metropolitana Salomé Ureña Biblioteca Pública Metropolitana Salomé Ureña 12/07/2015 FUNDI   BPMSU15120064 12/07/2015 12/07/2015 Libros